000
00355nam a2200133Ia 4500
008
231129s9999||||xx |||||||||||||| ||spa||
020
_a
968-13-1058-6
040
_b
spa
082
_a
972 T662m
100
_a
Tompkins Peter
245
0
_a
El misterio de las piramides mexicanas
264
_a
Diana
942
_2
ddc
_c
BKS
999
_c
11715
_d
11715